00686nam a22001937a 450000500170000001000150001702000260003203500140005803500140007203700090008608200120009524500820010726000550018927000480024430000210029250001230031370000260043670000300046220240604131509.0 aENG-140571 c950.00a9789387380301 aEN-124093 aEN-124063 aDBAD a370.115 aEducational Access And ExcellencecEdited by Tapas R. Dash, Manaranjan Behera aNew DelhibAllied Publishers Private Limitedc2017 aA-104, Mayapuri Phase IIbNew Delhie110064 a288p. c24cm(hb) aThis book is about a conference which was held in 2015 Association of Southeast Asian Institutions of Higher Learning. aTapas R. DasheEditor aManaranjan BeheraeEditor